Normal view
MARC view
- Motherhood
Entry Topical Term
001 - CONTROL NUMBER
- control field: 1561
003 - CONTROL NUMBER IDENTIFIER
- control field: OSt
005 - DATE AND TIME OF LATEST TRANSACTION
- control field: 20101210165019.0
008 - FIXED-LENGTH DATA ELEMENTS
- fixed length control field: 101210|||a|||||| | ||| d
040 ## - CATALOGING SOURCE
- Original cataloging agency: OSt
- Transcribing agency: OSt
150 ## - HEADING--TOPICAL TERM
- Topical term or geographic name as entry element: Motherhood
- General subdivision: Religious aspects
- General subdivision: Christianity.
670 ## - SOURCE DATA FOUND
- Source citation: Work cat.: (OSt)0: Wilson, Nancy, 1952- 1560, Praise her in the gates :, 2000.
670 ## - SOURCE DATA FOUND
- Source citation: Work cat.: (OSt)0: Wilson, Nancy, 1952- 1560, Praise her in the gates :, 2000.